Mentorovanie historika

Bibliographic Details
Main Author: Kamenec, Ivan, 1938- (Author)
Format: Article
Language:Slovak
Subjects:

MARC

LEADER 00000nab a2200000 a 4500
001 vtls000424231
003 SK-MaSNL
005 20260426070935.0
008 140507c1991 xo 0 slo
015 |a SNBRB19rr/mm-uuuuu 
035 |a CL0424359 
040 |a SNKBUCL  |b slo  |c SNKBUCL  |e AACR2 
041 0 |a slo 
044 |a xo  |c SK 
080 |a 943.76"19":930.1  |2 1981 
080 |a 930.1  |2 1981 
100 1 |a Kamenec, Ivan,  |d 1938-  |4 aut  |9 102304 
245 1 0 |a Mentorovanie historika  |c Ivan Kamenec 
600 1 7 |a Vnuk, František,  |d 1926-  |2 snkbucl  |9 207426 
651 7 |a Slovensko  |2 snkbucl  |9 14231 
655 7 |a články z novín a časopisov  |2 snkbucl  |9 267496 
773 0 |t Kultúrny život  |g Roč. 25, č. 24 (1991), s. 4 
850 |a Slovenská národná knižnica v Martine  |a MTA001 
852 |a SNK  |b KIS3GCP 
958 |a RK 
992 |a RBX 
999 |c 2672813  |d 2674743